| 000 | 00379nam a22001577a 4500 | ||
|---|---|---|---|
| 003 | LK-CoDNM | ||
| 005 | 20240813104945.0 | ||
| 008 | 240813b |||||||| |||| 00| 0 eng d | ||
| 040 |
_aLK-CoDNM _dLK-CoDNM _eLK-CoDNM |
||
| 080 |
_a10 _bR13 |
||
| 100 | _aRIVERS W. H R | ||
| 245 | _aREPORT | ||
| 260 |
_aCAMBRIDGE _bST JOHENS COLLAGE |
||
| 300 | _a91P. ; 3O CM | ||
| 942 | _cBK | ||
| 999 |
_c147326 _d147326 |
||